000 01129nam a22002297a 4500
999 _c58149
_d58149
003 Ge_BSU
005 20210701131759.0
008 210701s2020 ge ||||| |||| 00| 0 geo d
020 _a9789941820724 (ტრილოგია)
020 _a9789941820748 (წიგნი 2)
041 _ageo
080 _a821.353.1-311.6 მ-44
100 _aმახარაძე, აკაკი
_912168
245 _aიდუმალი ფრონტის რაინდი :
_bტრილოგია. წიგნი 2, კურიერი /
_cაკაკი მახარაძე ; რედაქტორი ოთარ ცინარიძე.
264 _aბათუმი,
_c2020.
300 _a301 გვ. ;
_b21 სმ.
500 _aტრილოგია ეძღვნება ძმის პროფესორ შოთა მახარაძის ნათელ ხსოვნას.
653 _aქართული პროზა
653 _aტრილოგია
700 _aცინარიძე, ოთარ
_eრედაქტორი
_912169
942 _2udc
_cBK